| 000 -LEADER |
| fixed length control field |
01824nam a22001457a 4500 |
| 008 - FIXED-LENGTH DATA ELEMENTS--GENERAL INFORMATION |
| fixed length control field |
230104b ||||| |||| 00| 0 eng d |
| 100 ## - MAIN ENTRY--PERSONAL NAME |
| Personal name |
Shah, Imtiyaz Ahmad and Haq, Imtiyaz ul |
| 245 ## - TITLE STATEMENT |
| Title |
Impact of remittances on exports and economic growth: A cross country analysis |
| 260 ## - PUBLICATION, DISTRIBUTION, ETC. (IMPRINT) |
| Place of publication, distribution, etc |
Artha Vijnana |
| 300 ## - PHYSICAL DESCRIPTION |
| Extent |
64(3), Sep, 2022: p,283-296 |
| 520 ## - SUMMARY, ETC. |
| Summary, etc |
We present robust results on the impact of remittances on exports and economic growth for panel data sets of 38 high-income and 54 middle-income countries for 2000-2020. First, we estimate the impact of remittances on exports after controlling economic growth. By panel dynamic panel estimation, when regressing remittances on exports, remittances show an inverse U-shaped relationship with a threshold value of ln(12.63) for high-income and ln(15.66) middle-income countries above which exports begin to fall. Economic growth is showing a positive and significant impact on exports. Second, we estimate the impact of remittances and exports on economic growth after controlling various macro determinants of economic growth. On economic growth, remittances present a U-shaped relationship with threshold value ln(12.63) for higher income and ln(15.66) for lower-income countries above which economic growth starts to rise. Exports are showing a positive and significant effect on economic growth. A 100 per cent increase in exports leads to a 15 per cent and 12 per cent increase in economic growth of high-income and middle-income countries. The other variables like physical capital per labour and human capital are showing positive and significant impact on economic growth. Government expenditure has a negative coefficient; thus deteriorates economic growth. – Reproduced |
| 773 ## - HOST ITEM ENTRY |
| Main entry heading |
Artha Vijnana |
| 906 ## - LOCAL DATA ELEMENT F, LDF (RLIN) |
| Subject DIP |
ECONOMIC GROWTH |
| 942 ## - ADDED ENTRY ELEMENTS (KOHA) |
| Item type |
Articles |